Parsovanie textov pomocou metód strojového učenia

Na minha lista:
Detalhes bibliográficos
Autor principal: Rajcsányi, Ladislav (Author)
Outros Autores: Rábeková, Zuzana (Thesis advisor)
Formato: Manuscrito Livro
Idioma:eslovaco
Publicado em: Bratislava : STU v Bratislave FEI, 2023
Assuntos:
Acesso em linha:https://opac.crzp.sk/?fn=detailBiblioFormChildWGLS1&sid=C0DEB8E07572332BA2230915805F&seo=CRZP-detail-kniha
Tags: Adicionar Tag
Sem tags, seja o primeiro a adicionar uma tag!

MARC

LEADER 00000ntm a22000003a 4500
001 stuzp93757
003 SK-STU
005 20241217150745.5
007 ta
008 150427s2015----xo-----f-mn---000-0-slo-d
040 |a STU  |b slo 
041 0 |a slo 
044 |a xo 
100 1 |a Rajcsányi, Ladislav  |u 035000  |4 aut  |U FEI Fakulta elektrotechniky a informatiky  |T FEI Ústav informatiky a matematiky  |X 97914  |U E050  |Y 816  |7 97914 
242 0 1 |a Text parsing methods using NLP  |y eng 
245 1 0 |a Parsovanie textov pomocou metód strojového učenia 
260 |a Bratislava :  |b STU v Bratislave FEI,  |c 2023 
300 |a 115 s. 
650 4 |a Spracovanie Prirodzených Jazykov  |2 slo 
650 4 |a NLP  |2 slo 
650 4 |a Parsovanie textov  |2 slo 
650 4 |a Rozpoznávanie Pomenovaných Entít  |2 slo 
650 4 |a NER  |2 slo 
650 4 |a Text parsing  |2 eng 
650 4 |a Natural Language Processing  |2 eng 
650 4 |a NLP  |2 eng 
650 4 |a Named Entity Recognition  |2 eng 
650 4 |a NER  |2 eng 
700 1 |a Rábeková, Zuzana  |u 035000  |k Z1  |4 ths  |U FEI Fakulta elektrotechniky a informatiky  |T FEI Ústav informatiky a matematiky  |X 53481  |U E050  |Y 816  |7 53481 
856 4 |u https://opac.crzp.sk/?fn=detailBiblioFormChildWGLS1&sid=C0DEB8E07572332BA2230915805F&seo=CRZP-detail-kniha